LEADER 01658nam 2200433 a 450 001 9910699562603321 005 20230902161908.0 035 $a(CKB)5470000002403299 035 $a(OCoLC)713025281 035 $a(EXLCZ)995470000002403299 100 $a20110418d2010 uy 0 101 0 $aeng 135 $aurmn||||||||| 181 $ctxt$2rdacontent 182 $cc$2rdamedia 183 $acr$2rdacarrier 200 10$aUrban and community forests of the South Central East region$b[electronic resource] $eAlabama, Kentucky, Mississippi, Tennessee /$fDavid J. Nowak, Eric J. Greenfield 210 1$aNewtown Square, PA :$cU.S. Dept. of Agriculture, Forest Service, Northern Research Station,$d[2010] 215 $a1 online resource (46 pages) $ccolor maps 225 1 $aGeneral technical report NRS ;$v58 225 1 $aGTR-NRS ;$v58 300 $aTitle from title screen (viewed on April 18, 2011). 300 $a"March 2010." 300 $a"Resources Planning Act assessment." 410 0$aGeneral technical report NRS ;$v58. 517 $aUrban and community forests of the South Central East region 606 $aUrban forestry$zSouthern States 606 $aCommunity forests$zSouthern States 615 0$aUrban forestry 615 0$aCommunity forests 700 $aNowak$b David J$g(David John),$f1961-$01387883 701 $aGreenfield$b Eric J$01387884 712 02$aUnited States.$bForest Service.$bNorthern Research Station. 801 0$bGPO 801 1$bGPO 906 $aBOOK 912 $a9910699562603321 996 $aUrban and community forests of the South Central East region$93476574 997 $aUNINA